| 000 | 00833nam a2200289 a 4500 | ||
|---|---|---|---|
| 001 | 000010170 | ||
| 003 | DO-SdBNP | ||
| 005 | 20170926094247.0 | ||
| 007 | 000010170 | ||
| 008 | 091005s1986 dr a 000 p spa d | ||
| 040 |
_aBPMSU _bspa _cBPMSU |
||
| 082 | 4 |
_aRD861.44 _bG869v |
|
| 092 | _b | ||
| 100 | 1 |
_aGris, Pedro José, _d1958- |
|
| 245 | 1 | 4 |
_aLas voces / _cPedro José Gris. |
| 260 |
_aSanto Domingo : _bEditorial Santo Domingo, _c1986. |
||
| 300 |
_a148 p. : _bil. ; _c22 cm. |
||
| 490 | 1 | _aOrfeo | |
| 500 | _aIncluye datos biográficos del autor en la contracubierta | ||
| 650 | 4 | _aPOESÍA DOMINICANA | |
| 650 | 4 | _aLITERATURA DOMINICANA | |
| 830 | 0 | _aOrfeo | |
| 910 | _aValidado. Control de calidad MFF | ||
| 942 |
_2ddc _cBK |
||
| 945 | _a Inventariado / 2017 VM | ||
| 956 |
_aVMATEO _b10 _c20150508 _lBPMSU _h00151 |
||
| 999 |
_c7826 _d7826 |
||